Las ruinas occidentales del viejo imperio maya : en la Sierra del Tortuguero en Macuspana, Tabasco : notas de una excursión /

שמור ב:
מידע ביבליוגרפי
מחבר ראשי: Santamaría, Francisco Javier (autor)
פורמט: ספר
שפה:ספרדית
נושאים:
תגים: הוספת תג
אין תגיות, היה/י הראשונ/ה לתייג את הרשומה!

MARC

LEADER 00000nam^a2200000^a^4500
001 000127536
005 20250521000000.0
009 20260310094805.863
037 |a Acervo ITESO - Biblioteca 
041 |a ESP 
082 |a 972. 63  |b SAN 
100 |a Santamaría, Francisco Javier  |e (autor) 
245 1 4 |a Las ruinas occidentales del viejo imperio maya :  |b en la Sierra del Tortuguero en Macuspana, Tabasco : notas de una excursión /  |c F.J. Santamaría. 
264 |a México :.  |b edición de autor,  |c 1933 
300 |a 99 p. 
336 |a texto  |b txt  |2 rdacontenido 
337 |a sin mediación  |b n  |2 rdamedio 
338 |a volumen  |b nc  |2 rdasoporte 
649 |a XX 
650 |a Macuspana, Tabasco -  |x Descripción 
650 |a Libros de Viajes Mexicanos 
650 |a Libros de Viajes -  |z México 
650 |a Mayas 
650 |a Arquitectura Maya 
650 |a Arquitectura Prehispánica 
650 |a Arte Maya 
650 |a Arte Prehispánico 
650 |a Arte Mexicano 
910 |a Fondo Salvador Reynoso Reynoso 
920 |a Impresos - Libros 
930 |a Fondos Especiales 
905 |a 112 
901 |a 0800009521  |b IT2  |c ESP  |u 20250521 
902 |a https://opac.biblio.iteso.mx/vufind/Record/000127536